[Event "1. liga V 24/25, Morenda-Chotebor"]
[Site ""]
[Date "2025.03.02"]
[Round "9.8"]
[White "Fiala, Milan"]
[Black "Skacelik, Petr"]
[Result "0-1"]
[WhiteFideId "346829"]
[BlackFideId "307904"]
[WhiteElo "1874"]
[BlackElo "2135"]
[PlyCount "0"]
[WhiteTeam "TJ CHS Chotebor"]
[BlackTeam "Moravska Slavia Brno B"]
[EventDate "2024.10.20"]

1. d4 Nf6 2. c4 g6 3. Nc3 Bg7 4. e4 d6 5. Be2 O-O 6. Nf3 Nbd7 7. O-O e5 8. d5
Nc5 9. Qc2 a5 10. Bg5 h6 11. Be3 Nh5 12. Nd2 Nf4 13. Bxf4 exf4 14. Nb3 b6 15.
Nxc5 bxc5 16. Qd2 Be5 17. f3 g5 18. Nb5 Bd7 19. a4 h5 20. Kf2 Kg7 21. Ke1 f5
22. Bd3 Rf7 23. Ra2 g4 24. Kd1 gxf3 25. gxf3 Kh6 26. Rg1 c6 27. Nc3 Qh4 28.
exf5 Bxf5 29. Bxf5 Rxf5 30. dxc6 Bd4 31. Rg2 Qh3 32. Qe2 Re5 33. Ne4 Rc8 34.
Ra3 Rxc6 35. Rb3 d5 36. cxd5 Rxd5 37. Qd2 Rf5 38. Ng3 Rf7 39. Ne4 Qe6 40. Qc2
Rd7 41. Ke1 Qh3 42. Qe2 Re6 43. Rb8 Rde7 44. Rbg8 Rxe4 45. fxe4 f3 46. Qd2+ Kh7
47. Qg5 Qxg2 0-1

[Event "1. liga V 24/25, Trinec-Duras"]
[Site ""]
[Date "2025.03.02"]
[Round "9.1"]
[White "Langner, Ladislav"]
[Black "Shengelia, David"]
[Result "0-1"]
[WhiteFideId "300403"]
[BlackFideId "13601270"]
[WhiteElo "2353"]
[BlackElo "2478"]
[PlyCount "0"]
[WhiteTeam "TJ TZ Trinec"]
[BlackTeam "Duras Charlie's Street Brno"]
[EventDate "2024.10.20"]

1. e4 c5 2. c3 Nf6 3. e5 Nd5 4. Bc4 Nb6 5. Bb3 c4 6. Bc2 d6 7. exd6 Qxd6 8. b3
Nc6 9. bxc4 Nxc4 10. d3 Nb6 11. d4 g6 12. Ba3 Qc7 13. Nf3 Bg7 14. Nbd2 O-O 15.
O-O Nd5 16. Bb2 Na5 17. Rc1 b5 18. Bd3 Nc4 19. Nxc4 bxc4 20. Be4 Bb7 21. Nd2 f5
22. Bf3 e5 23. Be2 Nb6 24. Ba3 Rfd8 25. Bc5 Qc6 26. Bf3 e4 27. Be2 Ba6 28. Rb1
Na4 29. Bb4 Bb5 30. Ba5 a6 31. Bxc4+ Bxc4 32. Nxc4 Nxc3 33. Qb3 Ne2+ 34. Kh1
Nxd4 35. Qb4 Rd5 36. a4 Bf8 37. Qc3 Rc5 38. Qxd4 Rxc4 39. Qe5 Rc5 0-1

[Event "1. liga V 24/25, Trinec-Duras"]
[Site ""]
[Date "2025.03.02"]
[Round "9.2"]
[White "Blahynka, Martin"]
[Black "Fargac, Martin"]
[Result "1/2-1/2"]
[WhiteFideId "334766"]
[BlackFideId "345245"]
[WhiteElo "2372"]
[BlackElo "2399"]
[PlyCount "0"]
[WhiteTeam "Duras Charlie's Street Brno"]
[BlackTeam "TJ TZ Trinec"]
[EventDate "2024.10.20"]

1. c4 Nf6 2. Nc3 e6 3. e4 d5 4. e5 d4 5. exf6 dxc3 6. bxc3 Qxf6 7. d4 b6 8. Be2
Bb7 9. Bf3 Bxf3 10. Nxf3 Qd8 11. Ne5 Nd7 12. Qa4 Bd6 13. Bg5 f6 14. Bh4 Qe7 15.
f4 g5 16. Nxd7 Qxd7 17. Qxd7+ Kxd7 18. fxg5 fxg5 19. Bxg5 Rhg8 20. h4 h6 21.
Bxh6 Rxg2 22. O-O-O Rh8 23. Bg5 Be7 24. Bxe7 Kxe7 25. Rd2 Rg3 26. Kb2 Rh5 27.
Re2 Rg4 28. Rhe1 Rh6 29. d5 Rgxh4 30. Rxe6+ Rxe6 31. Rxe6+ Kd7 32. Kb3 Rh5 33.
Kb4 Rh2 34. Kb3 Rd2 35. a3 Rd1 36. Rh6 Rb1+ 37. Kc2 Ra1 38. Kb2 Rd1 39. Kc2 Ra1
40. Kb2 Rd1 41. Rg6 Rd2+ 42. Kb3 Rd1 43. Ka4 Rc1 44. Rg3 Kd6 45. Kb5 c6+ 46.
Ka6 cxd5 47. Kxa7 dxc4 48. Kxb6 Ra1 49. Rg6+ Kd5 50. Rg5+ Kd6 51. Rg4 Rb1+ 52.
Ka6 1/2-1/2

[Event "1. liga V 24/25, Trinec-Duras"]
[Site ""]
[Date "2025.03.02"]
[Round "9.3"]
[White "Zvarik, Martin"]
[Black "Vyskocil, Neklan"]
[Result "1-0"]
[WhiteFideId "14908565"]
[BlackFideId "307106"]
[WhiteElo "2188"]
[BlackElo "2268"]
[PlyCount "0"]
[WhiteTeam "TJ TZ Trinec"]
[BlackTeam "Duras Charlie's Street Brno"]
[EventDate "2024.10.20"]

1. e4 c5 2. Nc3 g6 3. f4 Bg7 4. Nf3 Nc6 5. Bb5 Nd4 6. O-O Nxb5 7. Nxb5 d5 8.
exd5 a6 9. Nc3 Nf6 10. d4 Nxd5 11. dxc5 Nxc3 12. Qxd8+ Kxd8 13. bxc3 Bd7 14.
Nd4 Kc7 15. Rb1 e6 16. Be3 Rhd8 17. Bf2 Bb5 18. Rfe1 Rd7 19. Rb4 Bc6 20. Reb1
Ra7 21. Bg3 Kd8 22. f5 Bxd4+ 23. cxd4 gxf5 24. Be5 Ke7 25. R1b3 a5 26. Rb6 f6
27. Bd6+ Kf7 28. c4 Ra8 29. Rh3 Kg8 30. Rb2 Rg7 31. Rd2 Be4 32. d5 e5 33. Rb3
a4 34. Rb6 Rc8 35. a3 f4 36. Rdb2 f3 37. Rxb7 fxg2 38. Rb8 Rxb8 39. Rxb8+ Kf7
40. Rf8+ Kg6 41. c6 Ra7 42. c7 Rb7 43. Rg8+ 1-0

[Event "1. liga V 24/25, Trinec-Duras"]
[Site ""]
[Date "2025.03.02"]
[Round "9.4"]
[White "Zpevak, Pavel"]
[Black "Tymrakiewicz, Rafal"]
[Result "1/2-1/2"]
[WhiteFideId "300586"]
[BlackFideId "1108832"]
[WhiteElo "2257"]
[BlackElo "2203"]
[PlyCount "0"]
[WhiteTeam "Duras Charlie's Street Brno"]
[BlackTeam "TJ TZ Trinec"]
[EventDate "2024.10.20"]

1. d4 d5 2. c4 c6 3. Nf3 Nf6 4. Qc2 g6 5. cxd5 cxd5 6. Nc3 Nc6 7. Bf4 Bg7 8. e3
Nh5 9. Bg5 h6 10. Bh4 g5 11. Bg3 Nxg3 12. hxg3 e6 13. O-O-O Bd7 14. Kb1 Rc8 15.
g4 Kf8 16. Be2 a6 17. Rc1 Bf6 18. Qd1 Kg7 19. Ne1 Na5 20. Bd3 Nc4 21. Bxc4 Rxc4
22. Qb3 Bc6 23. Rd1 Qe7 24. f3 Rd8 1/2-1/2

[Event "1. liga V 24/25, Trinec-Duras"]
[Site ""]
[Date "2025.03.02"]
[Round "9.5"]
[White "Miturova, Magdalena"]
[Black "Chytilek, Roman"]
[Result "0-1"]
[WhiteFideId "330221"]
[BlackFideId "304980"]
[WhiteElo "2111"]
[BlackElo "2300"]
[PlyCount "0"]
[WhiteTeam "TJ TZ Trinec"]
[BlackTeam "Duras Charlie's Street Brno"]
[EventDate "2024.10.20"]

1. e4 c6 2. d4 d5 3. Nc3 dxe4 4. Nxe4 Nf6 5. Nxf6+ exf6 6. c3 Bd6 7. Bd3 h5 8.
Ne2 Qc7 9. Be3 Nd7 10. Qd2 Nf8 11. c4 g6 12. d5 Nd7 13. dxc6 bxc6 14. O-O-O Be7
15. Bf4 Ne5 16. Be4 O-O 17. Kb1 Rb8 18. Ka1 Qb6 19. Qc2 Kg7 20. Nd4 Bb7 21. Nf3
Nxf3 22. Bxf3 Rbd8 23. Be3 Bc5 24. Rxd8 Rxd8 25. Re1 Bxe3 26. Rxe3 Qd4 27. a3
Ba6 28. Rc3 Qc5 29. Qa4 Bc8 30. Qxc6 Qxf2 31. Bd5 Bf5 32. Qc7 Rd7 33. Qg3 Qf1+
34. Ka2 a5 35. Qf3 Qb1+ 36. Kb3 a4+ 37. Kxa4 Qxb2 38. Qe3 Qb8 0-1

[Event "1. liga V 24/25, Trinec-Duras"]
[Site ""]
[Date "2025.03.02"]
[Round "9.6"]
[White "Vadila, Ondrej"]
[Black "Sikorova, Olga"]
[Result "1/2-1/2"]
[WhiteFideId "14944642"]
[BlackFideId "307033"]
[WhiteElo "2173"]
[BlackElo "2152"]
[PlyCount "0"]
[WhiteTeam "Duras Charlie's Street Brno"]
[BlackTeam "TJ TZ Trinec"]
[EventDate "2024.10.20"]

1. d4 Nf6 2. Nc3 d5 3. Bf4 e6 4. e3 a6 5. Nf3 c5 6. dxc5 Bxc5 7. Bd3 Nc6 8. e4
d4 9. Ne2 Nh5 10. e5 Nxf4 11. Nxf4 Qa5+ 12. Kf1 Be7 13. Qe1 Qb6 14. Rb1 g5 15.
Nh5 g4 16. Nd2 Qc7 17. Nc4 b5 18. Nd6+ Bxd6 19. exd6 Qxd6 20. Qd2 Bb7 21. Qg5
Kd7 22. Qg7 Kc7 23. Qxf7+ Kb6 24. Re1 e5 25. Nf6 Rad8 26. Ne4 Qb4 27. Nf6 Qd6
28. Ne4 Qh6 29. Nf6 Rhf8 30. Nd7+ Rxd7 31. Qxd7 Qf4 32. Re2 Qc1+ 33. Re1 Qf4
1/2-1/2

[Event "1. liga V 24/25, Trinec-Duras"]
[Site ""]
[Date "2025.03.02"]
[Round "9.7"]
[White "Pilch, Roman"]
[Black "Jires, Jiri"]
[Result "0-1"]
[WhiteFideId "337870"]
[BlackFideId "365718"]
[WhiteElo "2151"]
[BlackElo "2139"]
[PlyCount "0"]
[WhiteTeam "TJ TZ Trinec"]
[BlackTeam "Duras Charlie's Street Brno"]
[EventDate "2024.10.20"]

1. Nf3 Nf6 2. c4 g6 3. Nc3 Bg7 4. g3 O-O 5. Bg2 d6 6. O-O Nc6 7. d3 e5 8. h3 h6
9. e4 Kh7 10. Be3 Be6 11. Qd2 Nh5 12. Nd5 f5 13. exf5 gxf5 14. d4 f4 15. gxf4
exf4 16. Nxf4 Nxf4 17. Bxf4 Bf5 18. d5 Nb8 19. Nd4 Bxd4 20. Qxd4 Qh4 21. Qd2
Nd7 22. Bg3 Qh5 23. Rae1 Rf7 24. Re3 Rg8 25. h4 Ne5 26. Qd4 Rfg7 27. Rfe1 Rg4
28. Qd1 Qg6 29. b3 Rxh4 30. f4 Rxf4 31. R1e2 Rg4 32. Qf1 Rg5 33. Bxe5 dxe5 34.
Rf2 Be4 35. Ree2 h5 36. Qe1 Bxg2 0-1

[Event "1. liga V 24/25, Trinec-Duras"]
[Site ""]
[Date "2025.03.02"]
[Round "9.8"]
[White "Glozar, Petr"]
[Black "Schoupal, Patrik"]
[Result "1-0"]
[WhiteFideId "374504"]
[BlackFideId "320374"]
[WhiteElo "2169"]
[BlackElo "1958"]
[PlyCount "0"]
[WhiteTeam "Duras Charlie's Street Brno"]
[BlackTeam "TJ TZ Trinec"]
[EventDate "2024.10.20"]

1. Nf3 d5 2. c4 d4 3. e3 Nc6 4. b4 dxe3 5. fxe3 e5 6. b5 Nb4 7. a3 Nd3+ 8. Bxd3
Qxd3 9. Nxe5 Qe4 10. Bb2 Qxg2 11. Qf3 Qxf3 12. Nxf3 Bg4 13. O-O Nf6 14. d4 Bh3
15. Re1 g5 16. Nbd2 Rg8 17. e4 g4 18. Nh4 O-O-O 19. e5 Bh6 20. Nf1 Bg5 21. Nf5
Nh5 22. N1g3 Nxg3 23. hxg3 h5 24. Bc1 Rde8 25. Bxg5 Rxg5 26. Nh4 Re6 27. Ra2 f6
28. Rae2 fxe5 29. Rxe5 Rgxe5 30. dxe5 a6 31. Nf5 axb5 32. Nd4 Ra6 33. e6 Kd8
34. e7+ Ke8 35. Nf5 1-0

[Event "1. liga V 24/25, Jundrov-SM"]
[Site ""]
[Date "2025.03.02"]
[Round "9.1"]
[White "Zwardon, Vojtech"]
[Black "Babula, Vlastimil"]
[Result "1-0"]
[WhiteFideId "325511"]
[BlackFideId "391930"]
[WhiteElo "2428"]
[BlackElo "2359"]
[PlyCount "0"]
[WhiteTeam "Jezdci Jundrov"]
[BlackTeam "SK Stare Mesto"]
[EventDate "2024.10.20"]

1. c4 e5 2. g3 Nf6 3. Bg2 Nc6 4. Nf3 d5 5. cxd5 Nxd5 6. O-O Be7 7. d4 e4 8. Ne5
f5 9. Nxc6 bxc6 10. Nc3 O-O 11. f3 exf3 12. Bxf3 Rb8 13. Qa4 Rb6 14. Nxd5 cxd5
15. Qxa7 Ba6 16. Bf4 Bd6 17. Bxd6 Qxd6 18. Rac1 Rc8 19. b3 Kh8 20. Rc2 h5 21.
Bxh5 Bb7 22. Qa5 Qh6 23. Bf3 Qe3+ 24. Kg2 Qxd4 25. Rfc1 Qe5 26. Rc5 Ra8 27. Qd2
c6 28. R1c4 Qe7 29. Rh4+ Kg8 30. Rc3 Qf6 31. a4 g5 32. Rd4 g4 33. Bxg4 c5 34.
Rxc5 fxg4 35. Rxg4+ Kh8 36. Qd3 Qf7 37. Rf4 Qg7 38. e4 Rf6 39. Rh4+ Kg8 40. e5
Re6 41. h3 Rxe5 42. Rg4 d4+ 43. Kh2 Qxg4 44. Rxe5 Qg7 45. Qc4+ Kh7 46. Qxd4 Ra6
47. Qd3+ Rg6 48. Rh5+ Kg8 49. Qd8+ Kf7 50. Qc7+ Ke6 51. Qb6+ 1-0

[Event "1. liga V 24/25, Jundrov-SM"]
[Site ""]
[Date "2025.03.02"]
[Round "9.2"]
[White "Delgerdalai, Bayarjavkhlan"]
[Black "Fiala, Vaclav"]
[Result "1-0"]
[WhiteFideId "23727276"]
[BlackFideId "331503"]
[WhiteElo "2367"]
[BlackElo "2203"]
[PlyCount "0"]
[WhiteTeam "SK Stare Mesto"]
[BlackTeam "Jezdci Jundrov"]
[EventDate "2024.10.20"]

1. e4 c6 2. d4 d5 3. e5 Bf5 4. Nf3 e6 5. Be2 c5 6. Be3 Qb6 7. Nc3 Nc6 8. Na4
Qa5+ 9. c3 c4 10. b4 Bxb4 11. cxb4 Nxb4 12. Bd2 Bc2 13. Qc1 Qxa4 14. Qb2 Nc6
15. Rc1 Bg6 16. Rc3 Rb8 17. O-O b5 18. Ra3 Qc2 19. Qa1 Nge7 20. Rc1 Qf5 21. Ng5
h5 22. h3 Nxd4 23. Qxd4 Nc6 24. Qc5 Rc8 25. f4 b4 26. Ra6 h4 27. Rxc6 1-0

[Event "1. liga V 24/25, Jundrov-SM"]
[Site ""]
[Date "2025.03.02"]
[Round "9.3"]
[White "Bures, Jaroslav"]
[Black "Skalsky, Alexandr"]
[Result "1-0"]
[WhiteFideId "322890"]
[BlackFideId "381799"]
[WhiteElo "2408"]
[BlackElo "2115"]
[PlyCount "0"]
[WhiteTeam "Jezdci Jundrov"]
[BlackTeam "SK Stare Mesto"]
[EventDate "2024.10.20"]

1. e4 g6 2. d4 Bg7 3. Nc3 d6 4. f4 a6 5. Be3 b5 6. Bd3 Nd7 7. e5 Bb7 8. Be4 Qc8
9. Qf3 Rb8 10. O-O-O e6 11. Bxb7 Qxb7 12. d5 dxe5 13. dxe6 fxe6 14. Qh3 Qc6 15.
Nf3 b4 16. Ne4 b3 17. axb3 Rxb3 18. Rxd7 Rxe3 19. Rxg7 Rxe4 20. Nxe5 Rxe5 21.
fxe5 Ne7 22. Rd1 Nd5 23. Rxh7 Rf8 24. Rh8 1-0

[Event "1. liga V 24/25, Jundrov-SM"]
[Site ""]
[Date "2025.03.02"]
[Round "9.4"]
[White "Babula, Matej"]
[Black "Blatny, Pavel"]
[Result "1/2-1/2"]
[WhiteFideId "398322"]
[BlackFideId "300047"]
[WhiteElo "2116"]
[BlackElo "2259"]
[PlyCount "0"]
[WhiteTeam "SK Stare Mesto"]
[BlackTeam "Jezdci Jundrov"]
[EventDate "2024.10.20"]

1. e4 e5 2. Nf3 Nc6 3. Bc4 d6 4. d4 Nxd4 5. Nxd4 exd4 6. Qxd4 Qf6 7. Be3 Qxd4
8. Bxd4 Be6 9. Bb3 Ne7 10. Nc3 Nc6 11. Be3 Bxb3 12. axb3 Kd7 13. Nd5 Re8 14. f3
Be7 15. Kf2 a6 16. Rad1 Rhf8 17. Bd2 f5 18. exf5 Rxf5 19. Nxe7 Rxe7 20. Bc3
Ref7 21. Rhe1 g6 22. Re2 Re7 23. Rxe7+ Nxe7 24. g4 Rf7 25. h4 Ke6 26. Re1+ Kd7
27. Rd1 Kc6 28. Bd2 Nd5 29. c4 Nf4 30. Bxf4 Rxf4 31. Ke3 Rf7 32. f4 Kc5 33. Rf1
Kb4 34. f5 gxf5 35. gxf5 Kxb3 36. f6 Kxb2 37. Ke4 b5 38. cxb5 axb5 39. Kd5 c5
40. Ke6 Rf8 41. Kxd6 c4 42. Ke7 Rb8 43. h5 c3 44. f7 c2 45. f8=Q Rxf8 46. Kxf8
c1=Q 47. Rxc1 Kxc1 48. Kg7 b4 49. Kxh7 b3 50. Kg7 b2 51. h6 b1=Q 52. h7 Qb2+
53. Kg8 Qg2+ 54. Kh8 Kd2 1/2-1/2

[Event "1. liga V 24/25, Jundrov-SM"]
[Site ""]
[Date "2025.03.02"]
[Round "9.5"]
[White "Slepov, Cyril"]
[Black "Cagasik, Tomas"]
[Result "0-1"]
[WhiteFideId "378364"]
[BlackFideId "316865"]
[WhiteElo "2161"]
[BlackElo "2196"]
[PlyCount "0"]
[WhiteTeam "Jezdci Jundrov"]
[BlackTeam "SK Stare Mesto"]
[EventDate "2024.10.20"]

1. d4 d5 2. c4 c6 3. cxd5 cxd5 4. Nc3 Nf6 5. Bf4 Nc6 6. e3 e6 7. Bd3 Bd6 8.
Bxd6 Qxd6 9. f4 Bd7 10. Nf3 Rc8 11. O-O Ng4 12. Qe2 f5 13. Ne5 Nf6 14. Rac1 Qe7
15. Na4 O-O 16. Nc5 Rc7 17. Rc3 Be8 18. Rfc1 Nxe5 19. fxe5 Nd7 20. Nb3 Rxc3 21.
bxc3 Qg5 22. Rf1 Bh5 23. Qf2 Rc8 24. Bb5 Nf8 25. Rc1 Qd8 26. Nc5 Rc7 27. Bd3
Qe7 28. c4 b6 29. cxd5 exd5 30. Nb3 Rxc1+ 31. Nxc1 Qa3 32. Qc2 Qb4 33. Kf2 f4
34. exf4 Qxd4+ 35. Kg3 Qe3+ 0-1

[Event "1. liga V 24/25, Jundrov-SM"]
[Site ""]
[Date "2025.03.02"]
[Round "9.6"]
[White "Vrana, Frantisek"]
[Black "Gabriel, Adam"]
[Result "1/2-1/2"]
[WhiteFideId "302066"]
[BlackFideId "332020"]
[WhiteElo "2128"]
[BlackElo "2291"]
[PlyCount "0"]
[WhiteTeam "SK Stare Mesto"]
[BlackTeam "Jezdci Jundrov"]
[EventDate "2024.10.20"]

1. e4 c5 2. Nf3 e6 3. d3 Nc6 4. g3 g6 5. Bg2 Bg7 6. O-O Nge7 7. c3 d5 8. Nbd2
O-O 9. Re1 Qc7 10. exd5 Nxd5 11. Nb3 b6 12. d4 cxd4 13. Nbxd4 Nxd4 14. Nxd4 Bb7
15. Nb5 Qc5 16. Qe2 a6 17. Na3 b5 18. c4 bxc4 19. Nxc4 Rac8 20. Ne3 Qb5 21.
Nxd5 Bxd5 22. Bxd5 exd5 23. Qxb5 axb5 24. a4 bxa4 25. Rxa4 Rc2 26. Rd1 Rfc8 27.
Be3 d4 28. Bxd4 Rd8 29. Kg2 f5 30. Kf3 Rc6 31. Rd2 Re6 32. Bc3 1/2-1/2

[Event "1. liga V 24/25, Jundrov-SM"]
[Site ""]
[Date "2025.03.02"]
[Round "9.7"]
[White "Bednar, Jakub"]
[Black "Stuchly, Ondrej"]
[Result "1/2-1/2"]
[WhiteFideId "322393"]
[BlackFideId "350664"]
[WhiteElo "2172"]
[BlackElo "2071"]
[PlyCount "0"]
[WhiteTeam "Jezdci Jundrov"]
[BlackTeam "SK Stare Mesto"]
[EventDate "2024.10.20"]

1. d4 d5 2. Bf4 Nf6 3. e3 e6 4. Nf3 Be7 5. h3 O-O 6. Nbd2 c5 7. c3 b6 8. a4 a5
9. Bb5 Ba6 10. Qe2 Bxb5 11. Qxb5 c4 12. b3 cxb3 13. Rb1 Nbd7 14. Rxb3 Rc8 15.
O-O Ne8 16. e4 dxe4 17. Nxe4 Ndf6 18. Nxf6+ Nxf6 19. c4 Qd7 20. Rc1 Qxb5 21.
Rxb5 Nd7 22. Ne5 Nxe5 23. Bxe5 Rc6 24. c5 1/2-1/2

[Event "1. liga V 24/25, Jundrov-SM"]
[Site ""]
[Date "2025.03.02"]
[Round "9.8"]
[White "Horsak, Jan"]
[Black "Mlynek, Petr"]
[Result "1/2-1/2"]
[WhiteFideId "327573"]
[BlackFideId "307670"]
[WhiteElo "2023"]
[BlackElo "2019"]
[PlyCount "0"]
[WhiteTeam "SK Stare Mesto"]
[BlackTeam "Jezdci Jundrov"]
[EventDate "2024.10.20"]

1. c4 f5 2. d4 Nf6 3. Nc3 g6 4. g3 Bg7 5. Bg2 O-O 6. Bg5 d6 7. Qd2 Nc6 8. h4 e5
9. dxe5 Nxe5 10. h5 Qe8 11. hxg6 Nxc4 12. Qc2 Qxg6 13. Nd5 Nxd5 14. Bxd5+ Kh8
15. Qxc4 Qxg5 16. Qxc7 f4 17. Be4 Bf5 18. Nf3 Qf6 19. Bxf5 Qxf5 20. Nh4 Qe4 21.
f3 Qb4+ 22. Kf1 Qxb2 23. Re1 Rf6 24. g4 Qxa2 25. Qxb7 Re8 26. g5 Rfe6 27. Nf5
Qb2 28. Qa6 Qe5 29. Qd3 Rg6 30. Ne7 Qxe7 31. Qxg6 Bc3 32. Rxh7+ Qxh7 33. Qxe8+
Kg7 34. Qd7+ Kg6 35. Qxd6+ Kxg5 36. Qc5+ Kg6 37. Qc6+ Kg5 38. Qd5+ Kf6 39. Qd8+
Ke5 40. Qe8+ Kf6 41. Qd8+ Ke5 42. Qg5+ Ke6 43. Qg4+ Ke5 44. Qg5+ 1/2-1/2

[Event "1. liga V 24/25, Dobra-Hostalkova"]
[Site ""]
[Date "2025.03.02"]
[Round "9.1"]
[White "Hrbek, Stepan"]
[Black "Warakomski, Tomasz"]
[Result "0-1"]
[WhiteFideId "393479"]
[BlackFideId "1124552"]
[WhiteElo "2418"]
[BlackElo "2542"]
[PlyCount "0"]
[WhiteTeam "Sokol Dobra"]
[BlackTeam "Sachy Hostalkova"]
[EventDate "2024.10.20"]

1. d4 Nf6 2. c4 e6 3. Nc3 Bb4 4. Nf3 O-O 5. Bg5 c5 6. e3
Qa5 7. Bxf6 gxf6 8. Bd3 Bxc3+ 9. bxc3 Qxc3+ 10. Kf1 Nc6 11. Rb1 b6 12. Rb3 Qa5
13. Nd2 Rd8 14. Ne4 cxd4 15. Qg4+ Kf8 16. Qh4 f5 17. Ng5 Qd2 18. Qh5 Ke7 19.
Nxf7 Rf8 20. Nh6 Kd6 21. Be2 Qc1+ 22. Bd1 Ba6 0-1

[Event "1. liga V 24/25, Dobra-Hostalkova"]
[Site ""]
[Date "2025.03.02"]
[Round "9.2"]
[White "Baidetskyi, Valentin"]
[Black "Straka, Jozef"]
[Result "1-0"]
[WhiteFideId "14142317"]
[BlackFideId "14910560"]
[WhiteElo "2508"]
[BlackElo "2261"]
[PlyCount "0"]
[WhiteTeam "Sachy Hostalkova"]
[BlackTeam "Sokol Dobra"]
[EventDate "2024.10.20"]

1. e4 e5 2. Bc4 Nc6 3. Nf3 Bc5 4. O-O Nf6 5. d3 h6 6. c3 d6
7. b4 Bb6 8. a4 a5 9. b5 Ne7 10. Nbd2 O-O 11. Qc2 c6 12. d4 Ng6 13. Ba3 Re8 14.
Rab1 d5 15. dxe5 Nxe5 16. Nxe5 Rxe5 17. Bd3 Bg4 18. c4 dxe4 19. Nxe4 Bd4 20.
bxc6 bxc6 21. Nd6 Rg5 22. Rb3 Be5 23. c5 Nd5 24. g3 Nf4 25. Bc4 Ne6 26. Rb7
Bxd6 27. cxd6 Bf3 28. Qc3 Bd5 29. d7 Bxc4 30. Qxc4 c5 31. Rfb1 Kh7 32. Qd3+ g6
33. Qd6 Qf6 34. Rb8 Rxb8 35. Rxb8 Qa1+ 36. Kg2 Qxa3 37. Qxe6 fxe6 38. d8=Q 1-0

[Event "1. liga V 24/25, Dobra-Hostalkova"]
[Site ""]
[Date "2025.03.02"]
[Round "9.3"]
[White "Kula, Dominik"]
[Black "Slovak, Kilian"]
[Result "0-1"]
[WhiteFideId "344338"]
[BlackFideId "365440"]
[WhiteElo "2182"]
[BlackElo "2328"]
[PlyCount "0"]
[WhiteTeam "Sokol Dobra"]
[BlackTeam "Sachy Hostalkova"]
[EventDate "2024.10.20"]

1. Nf3 Nf6 2. b3 g6 3. Bb2 Bg7 4. c4 O-O 5. g3 d6 6. Bg2
Bd7 7. O-O a5 8. Nc3 Ne4 9. d4 Nxc3 10. Bxc3 a4 11. Qd3 axb3 12. axb3 Rxa1 13.
Rxa1 Na6 14. b4 c6 15. e4 Nc7 16. Ra3 d5 17. exd5 cxd5 18. c5 Bb5 19. Qe3 Qd7
20. Bf1 Bxf1 21. Kxf1 Ra8 22. Qc1 Rxa3 23. Qxa3 Qb5+ 24. Kg2 Na6 25. Qb2 Nb8
26. Ne1 Nc6 27. Nc2 e6 28. Na3 Qd3 29. Qc2 Qa6 30. Qb2 Bxd4 31. Bxd4 Nxd4 32.
b5 Qa5 33. Qxd4 Qxa3 34. c6 bxc6 35. bxc6 Qd6 36. Qb6 d4 37. Qb7 Qd5+ 38. f3
Kg7 39. Qa6 d3 40. c7 d2 41. Qa1+ e5 42. Qd1 Qc6 43. Qxd2 Qxc7 44. g4 h6 45.
Qd3 Qc1 46. Qe2 Qf4 47. Qe1 Qd4 48. Qg3 Qd2+ 49. Kh3 Qe2 50. Kh4 g5+ 51. Kh3
Kg6 52. Qg2 Qxg2+ 53. Kxg2 f5 54. Kf2 f4 55. Ke2 Kf6 56. Kd3 Ke6 57. Ke4 Kd6
0-1

[Event "1. liga V 24/25, Dobra-Hostalkova"]
[Site ""]
[Date "2025.03.02"]
[Round "9.4"]
[White "Gnida, Patrik"]
[Black "Kratochvil, Josef"]
[Result "1-0"]
[WhiteFideId "351660"]
[BlackFideId "328626"]
[WhiteElo "2181"]
[BlackElo "2219"]
[PlyCount "0"]
[WhiteTeam "Sachy Hostalkova"]
[BlackTeam "Sokol Dobra"]
[EventDate "2024.10.20"]

1. d4 Nf6 2. Nc3 d5 3. Bf4 c6 4. e3 Bf5 5. Nf3 e6 6. Ne5
Bb4 7. g4 Bg6 8. h4 Qa5 9. Bd3 Bxc3+ 10. bxc3 Qxc3+ 11. Ke2 Bxd3+ 12. Nxd3 Nbd7
13. f3 Qa5 14. h5 h6 15. Bd6 b6 16. Qb1 Rc8 17. Rc1 Qa6 18. a4 Qc4 19. Kf2 a5
20. Ra3 Qa6 21. Rb3 c5 22. Rb5 cxd4 23. exd4 Rc6 24. Ba3 Qc8 25. Ne5 Nxe5 26.
dxe5 Nd7 27. Bd6 Qd8 28. c4 Qh4+ 29. Kg2 Qg5 30. c5 f5 31. exf6 gxf6 32. Rc2
Kf7 33. Rxb6 Nxb6 34. cxb6 Rhc8 35. Rxc6 Qd2+ 36. Kh3 Rxc6 37. Qh7+ 1-0

[Event "1. liga V 24/25, Dobra-Hostalkova"]
[Site ""]
[Date "2025.03.02"]
[Round "9.5"]
[White "Slanina, Miroslav"]
[Black "Bohacek, Jan Andrej"]
[Result "1/2-1/2"]
[WhiteFideId "304867"]
[BlackFideId "23727357"]
[WhiteElo "2142"]
[BlackElo "2127"]
[PlyCount "0"]
[WhiteTeam "Sokol Dobra"]
[BlackTeam "Sachy Hostalkova"]
[EventDate "2024.10.20"]

1. d4 d5 2. Nf3 Nf6 3. Bf4 e6 4. e3 Bd6 5. Nbd2 O-O 6. Bd3
c5 7. c3 Qc7 8. Bxd6 Qxd6 9. Ne5 Nc6 10. f4 Ne7 11. O-O Qb6 12. Rb1 Nf5 13. Rf3
h5 14. Rh3 g6 15. g4 hxg4 16. Nxg4 Nxg4 17. Qxg4 e5 18. Qg5 e4 19. dxc5 Qd8 20.
Bxe4 Qxg5+ 21. fxg5 dxe4 22. Nxe4 Kg7 23. Nf6 Rh8 24. Rxh8 Kxh8 25. Rf1 Be6 26.
Rf4 Kg7 27. Rb4 Rc8 28. Rxb7 Rxc5 29. Rb8 Rc8 30. Rxc8 Bxc8 31. Kf2 Be6 32. b3
Kf8 33. e4 Ne7 34. h4 Nc6 35. h5 gxh5 36. Nxh5 Ke7 37. Ke3 Kd6 38. Nf4 Ne5 39.
Ne2 Ng4+ 40. Kf4 Ne5 41. Nd4 Ng6+ 42. Ke3 1/2-1/2

[Event "1. liga V 24/25, Dobra-Hostalkova"]
[Site ""]
[Date "2025.03.02"]
[Round "9.6"]
[White "Bednarik, Josef"]
[Black "Filip, Tomas"]
[Result "1/2-1/2"]
[WhiteFideId "359017"]
[BlackFideId "358037"]
[WhiteElo "2044"]
[BlackElo "1997"]
[PlyCount "0"]
[WhiteTeam "Sachy Hostalkova"]
[BlackTeam "Sokol Dobra"]
[EventDate "2024.10.20"]

1. Nf3 Nf6 2. c4 c5 3. Nc3 Nc6 4. g3 g6 5. Bg2 Bg7 6. O-O
O-O 7. d3 d6 8. e4 Ne8 9. Be3 e5 10. Nh4 h6 11. Bf3 Kh7 12. Nd5 Nc7 13. Nxc7
Qxc7 14. Be2 Bh3 15. Ng2 f5 16. f3 f4 17. Bf2 a6 18. Qd2 g5 19. g4 h5 20. gxh5
Qf7 21. Kh1 Qxh5 22. Bg1 Rh8 23. Bd1 Bf6 24. Rf2 Rag8 25. Ne1 g4 26. fxg4 Bxg4
27. Bxg4 Rxg4 28. Rg2 Rhg8 29. Qe2 Qh4 30. Rxg4 Rxg4 31. Nf3 Qh3 1/2-1/2

[Event "1. liga V 24/25, Dobra-Hostalkova"]
[Site ""]
[Date "2025.03.02"]
[Round "9.7"]
[White "Cech, Tomas"]
[Black "Krejca, Jakub"]
[Result "1-0"]
[WhiteFideId "305480"]
[BlackFideId "365777"]
[WhiteElo "2054"]
[BlackElo "2096"]
[PlyCount "0"]
[WhiteTeam "Sokol Dobra"]
[BlackTeam "Sachy Hostalkova"]
[EventDate "2024.10.20"]

1. d4 d5 2. Nf3 Nf6 3. c4 e6 4. g3 Be7 5. Bg2 O-O 6. O-O
dxc4 7. Qc2 b5 8. a4 b4 9. Bg5 Bb7 10. Bxf6 Bxf6 11. Ng5 Bxg5 12. Bxb7 Qxd4 13.
Bxa8 c6 14. e3 Qd5 15. Rd1 b3 16. Qe2 Qc5 17. Nc3 f5 18. Rd4 a5 19. Qxc4 Qb6
20. Qxe6+ Kh8 21. Rad1 Bf6 22. Nd5 1-0

[Event "1. liga V 24/25, Dobra-Hostalkova"]
[Site ""]
[Date "2025.03.02"]
[Round "9.8"]
[White "Malcanek, Jan"]
[Black "Keprt, Pavel"]
[Result "1-0"]
[WhiteFideId "339423"]
[BlackFideId "306533"]
[WhiteElo "2019"]
[BlackElo "1982"]
[PlyCount "0"]
[WhiteTeam "Sachy Hostalkova"]
[BlackTeam "Sokol Dobra"]
[EventDate "2024.10.20"]

1. b3 e5 2. Bb2 Nc6 3. e3 Nf6 4. c4 d6 5. d3 g6 6. Be2 Bg7
7. a3 a5 8. Nd2 Qe7 9. h3 O-O 10. Qc2 Re8 11. Bf3 Nd8 12. Ne2 Bd7 13. Nc3 Bc6
14. O-O Bxf3 15. Nxf3 Nc6 16. Rfd1 Qd7 17. Rac1 Rac8 18. Rd2 Qf5 19. Qd1 Bh6
20. g4 Nxg4 21. Nh4 Qf6 22. Qxg4 Nd4 23. exd4 Bxd2 24. Ne4 Qf4 25. Rd1 Kg7 26.
dxe5 dxe5 27. Rxd2 Qh6 28. Nf5+ 1-0